Heaven- Niall Horan (All Lyrics) - Statistics

General Stats
  • This quiz has been taken 54 times
    53 since last reset
  • The average score is 239 of 275
Answer Stats
Hint Lyrics % Correct
a
100%
heaven
100%
I
100%
an
97%
be
97%
could
97%
go
97%
god
97%
knows
97%
only
97%
the
97%
this
97%
where
97%
and
94%
if
94%
in
94%
same
94%
to
94%
up
94%
even
91%
flames
91%
love
91%
of
91%
our
91%
won't
91%
you
91%
me
88%
out
88%
starts
88%
around
84%
control
84%
do
84%
get
84%
it
84%
your
84%
grow
81%
is
81%
no
81%
so
81%
across
78%
made
78%
something
78%
we
78%
just
75%
not
75%
room
75%
Verse 1: Strange
75%
touch
75%
what
75%
you're
75%
better
72%
can't
72%
doesn't
72%
hold
72%
it's
72%
let's
72%
light
72%
than
72%
that's
72%
but
69%
complicated
69%
enjoy
69%
float
69%
floor
69%
much
69%
new
69%
view
69%
answer
66%
believe
66%
candle
66%
die
66%
human
66%
kiss
66%
put
66%
adore
63%
hard
63%
i'm
59%
revolves
59%
Intro: Ah
56%
how
53%
revelations
53%
having
50%
obsessively
41%
beyond
38%
infatuation
31%
No matching quizzes found
Score Distribution
Percent of People with Each Score
Percentile by Number Answered
Your Score History
You have not taken this quiz since the last reset